| 000 | 00870cam a22002534a 4500 | ||
|---|---|---|---|
| 001 | 14283792 | ||
| 005 | 20180126092844.0 | ||
| 008 | 060302s2007 maua 000 0 eng | ||
| 010 | _a 2006007362 | ||
| 020 | _a9780073010304 (softcover : alk. paper) | ||
| 020 | _a0073010308 (softcover : alk. paper) | ||
| 040 |
_aDLC _cDLC _dDLC |
||
| 041 | _aeng | ||
| 043 | _an-us--- | ||
| 080 | _a371.20973 | ||
| 082 | 0 | 0 |
_a371.20973 GOR _222 |
| 100 | 1 | _a46 | |
| 101 | _aEDU | ||
| 245 | 1 | 0 |
_aSchool leadership & administration : _cRichard A. Gorton, Judy A. Alston, Petra E. Snowden. |
| 246 | 3 | _aSchool leadership and administration | |
| 906 |
_a7 _bcbc _corignew _d1 _eecip _f20 _gy-gencatlg |
||
| 942 |
_2ddc _cBK |
||
| 999 |
_c41053 _d41053 |
||